| 000 | 00611nam a22002057a 4500 | ||
|---|---|---|---|
| 999 |
_c17208 _d17208 |
||
| 003 | AR-CdUCM | ||
| 008 | 190507b ||||| |||| 00| 0 spa d | ||
| 040 |
_aMUNICIPALIDAD PROVINCIAL DEL CUSCO _cBIBLIOTECA MUNICIPAL DEL CUSCO |
||
| 082 |
_a372.492 / _bB45 |
||
| 100 |
_aBerdiales, German _917367 |
||
| 245 | _aTeatro histórico infantil / | ||
| 260 |
_aBuenos Aires _bKapelusz, _c1958. |
||
| 300 |
_a225 paginas ; _c20 cm. |
||
| 500 | _aTeatro historico infantil | ||
| 650 |
_aTeatro _9173 |
||
| 650 |
_aHistorico _928020 |
||
| 650 |
_aInfantil _96210 |
||
| 942 |
_2ddc _cLIBROS |
||
| 945 |
_apjha _d2019-05-07 |
||